000 00978cam a22003017a 4500
003 CHAP
005 20220329134447.0
008 971013s1968 r 00010 d
010 _a20747
011 _a21719
035 _a25810
040 _cCHAP
090 _aFolleto 861
100 0 0 _aArnal Núñez, Oscar.
_97241
245 1 3 _aEl desarrollo agropecuario en Venezuela
260 _a(México, D.F. :
_bSeminario Latinoamericano sobre Agricultura, Ganadería y Silvicultura),
_c(1968)
300 _a19 h
590 _aBATCH-UPD
_b10
_c20130110
_lUCH01
_h1009
590 _aBATCH-UPD
_b10
_c20130410
_lUCH01
_h0618
590 _aBATCH-UPD
_b10
_c20130914
_lUCH01
_h2124
590 _aCONVERSION
_b10
_c20130109
_lUCH01
_h1312
650 1 4 _aAgricultura
_xAspectos economicos
_xVenezuela.
_91303
650 1 4 _aAgricultura
_xCongresos.
_91373
650 1 4 _aAgricultura
_xVenezuela.
_91898
901 _aBK
942 _cFOLL
949 _aFolleto 861
_bBC
_cFOLL
_d-59644
_eTS1
_i25810
_si
999 _c20747
_d20747